[Event "Mistrzostwa Polski Juniorow do lat 18 - Dziewczeta"]
[Site "Szklarska Poreba"]
[Date "1899-12-30"]
[Round "2.6"]
[White "Filipska, Maja"]
[Black "Sowa, Wiktoria"]
[Result "0-1"]
[WhiteTitle "I++"]
[BlackTitle "WFM"]
[WhiteElo "1800"]
[BlackElo "2053"]

1. e4 c5 2. Nf3 Nc6 3. d4 cxd4 4. Nxd4 Nf6 5. Nc3 e5 6. Ndb5 d6 7. Bg5 a6 8. Na3
b5 9. Bxf6 gxf6 10. Nd5 f5 11. Bxb5 axb5 12. Nxb5 Ra4 13. Nbc7+ Kd7 14. O-O Rg8
15. Qh5 Qg5 16. Qxf7+ Be7 17. g3 Qg6 18. Qxg6 hxg6 19. Nb6+ Kxc7 20. Nxa4 fxe4
21. Nc3 Nd4 22. Nd5+ Kd8 23. Kg2 Rh8 24. h4 Bg4 25. Rg1 g5 26. Ne3 Be2 27. h5
Rxh5 28. Rae1 Bf3+ 29. Kf1 Bh1 30. a4 Nf3 31. a5 Kc8 32. Ra1 Kb7 33. a6+ Ka7 34.
b4 Nxg1 35. b5 Bd8 36. Nc4 Bf3 37. Nxd6 Ne2 38. Nc8+ Ka8 0-1

[Event "Mistrzostwa Polski Juniorow do lat 18 - Dziewczeta"]
[Site "Szklarska Poreba"]
[Date "1899-12-30"]
[Round "2.7"]
[White "Majdecka, Nikola"]
[Black "Czarniecka, Aleksandra"]
[Result "0-1"]
[WhiteTitle "I"]
[BlackTitle "k"]
[WhiteElo "1098"]
[BlackElo "2040"]

1. e4 c5 2. Nf3 d6 3. d4 cxd4 4. Nxd4 Nf6 5. Nc3 e6 6. f3 Nc6 7. Be3 Be7 8. Qd2
O-O 9. g4 d5 10. exd5 Nxd5 11. Nxd5 Qxd5 12. Bg2 Bh4+ 13. Kd1 Nxd4 14. Bxd4 Rd8
15. c3 e5 16. f4 Bxg4+ 17. Kc1 Bf3 18. fxe5 Bxg2 19. Rg1 Be4 20. Qh6 Bg6 21. Qxh4
Rac8 22. Re1 Qxd4 23. Qg3 Qd2# 0-1

[Event "Mistrzostwa Polski Juniorow do lat 18 - Dziewczeta"]
[Site "Szklarska Poreba"]
[Date "1899-12-30"]
[Round "2.8"]
[White "Vanduyfhuys, Daria"]
[Black "Michalska, Aleksandra"]
[Result "0-1"]
[WhiteTitle "WCM"]
[BlackTitle "I++"]
[WhiteElo "2023"]
[BlackElo "1825"]

1. d4 d5 2. c4 dxc4 3. Nf3 Nf6 4. e3 e6 5. Bxc4 c5 6. Qe2 a6 7. dxc5 Bxc5 8. O-O
O-O 9. e4 b5 10. Bb3 Bb7 11. Bg5 h6 12. Bh4 Be7 13. Rd1 Qc7 14. Nc3 Nc6 15. Bg3
Qb6 16. e5 Nh5 17. Ne4 Nxg3 18. hxg3 Rad8 19. g4 Nd4 20. Nxd4 Rxd4 21. Bc2 Rc8
22. Rxd4 Qxd4 23. Ng3 Bc5 24. Rf1 Bb6 25. Bb1 Bd5 26. Rd1 Qc4 27. b3 Qf4 28. Nh5
Qg5 29. Bc2 Bb7 30. Rd7 Qc1+ 31. Bd1 Qc6 0-1

[Event "Mistrzostwa Polski Juniorow do lat 18 - Dziewczeta"]
[Site "Szklarska Poreba"]
[Date "1899-12-30"]
[Round "2.9"]
[White "Malicka, Maria"]
[Black "Sivickis, Wiktoria"]
[Result "1-0"]
[WhiteTitle "WCM"]
[BlackTitle "I++"]
[WhiteElo "2237"]
[BlackElo "1775"]

1. e4 c5 2. Nf3 Nc6 3. d4 cxd4 4. Nxd4 Nf6 5. Nc3 d6 6. Bg5 Bd7 7. Qd2 Nxd4 8.
Qxd4 Qa5 9. f4 h6 10. Bxf6 gxf6 11. O-O-O Rg8 12. Kb1 Bc6 13. f5 Qe5 14. Qe3 e6
15. Qf2 Qc5 16. Qh4 Rg5 17. Bd3 O-O-O 18. Qh3 exf5 19. Rhf1 Kb8 20. Rxf5 Rxf5
21. exf5 Re8 22. Qh5 Bxg2 23. Qxf7 Qe5 24. Bc4 Bc6 25. Be6 Be7 26. Nd5 Bd8 27.
h4 Qe2 28. Rc1 Qe5 29. a3 Rxe6 30. fxe6 Bxd5 31. Qe8 Bxe6 32. Qxd8+ Bc8 33. Rd1
Qf4 34. Qxd6+ Qxd6 35. Rxd6 h5 36. Rxf6 Kc7 37. Kc1 b6 38. Rf7+ Bd7 39. Rh7 1-0

[Event "Mistrzostwa Polski Juniorow do lat 18 - Dziewczeta"]
[Site "Szklarska Poreba"]
[Date "1899-12-30"]
[Round "2.10"]
[White "Moscicka, Pola"]
[Black "Furtak, Joanna"]
[Result "0-1"]
[WhiteTitle "k++"]
[BlackTitle "k"]
[WhiteElo "2050"]
[BlackElo "1922"]

1. d4 Nf6 2. c4 g6 3. Nc3 Bg7 4. e4 d6 5. Nf3 O-O 6. Be2 e5 7. O-O Nc6 8. d5 Ne7
9. b4 a5 10. Ba3 axb4 11. Bxb4 Re8 12. a4 Bf8 13. Nd2 c5 14. Ba3 Bg7 15. Bb2 Rf8
16. Nb5 Ra6 17. f4 exf4 18. Nxd6 Qxd6 19. e5 Qb6 20. exf6 Bxf6 21. Bxf6 Qxf6 22.
Kh1 Nf5 23. Rxf4 g5 24. Ne4 Qe5 25. Rg4 Ne3 26. Rxg5+ Qxg5 27. Nxg5 Nxd1 28. Rxd1
Bf5 29. g4 Bc2 30. Rd2 Bxa4 31. Ne4 b6 32. g5 Kg7 33. Nf6 Rd8 34. Bd3 Bb3 35.
Rf2 Ra1+ 36. Kg2 Ra2 37. Be2 b5 38. Nh5+ Kh8 39. Kg3 Rxe2 40. Rxe2 Bd1 41. Rb2
Bxh5 42. Rxb5 Rc8 43. Rb2 Kg7 44. Kf4 Re8 45. Rb5 Be2 46. Rxc5 Bd3 47. d6 Re4+
48. Kf3 Rd4 49. Rc6 Bxc4 50. Ke3 Rd3+ 51. Ke2 Bb5 52. Rb6 Rd5+ 53. Ke3 Rxg5 54.
Ke4 Kf6 55. h4 Rh5 56. d7+ Ke7 0-1

[Event "Mistrzostwa Polski Juniorow do lat 18 - Dziewczeta"]
[Site "Szklarska Poreba"]
[Date "1899-12-30"]
[Round "2.11"]
[White "Chomicka, Kinga"]
[Black "Budkiewicz, Magdalena"]
[Result "0-1"]
[WhiteTitle "I+"]
[BlackTitle "I++"]
[WhiteElo "1439"]
[BlackElo "1702"]

1. e4 c5 2. Nc3 Nc6 3. g3 g6 4. Bg2 Bg7 5. Nge2 e6 6. d3 d6 7. O-O Nge7 8. Be3
O-O 9. Qd2 Nd4 10. Nd1 Nxe2+ 11. Qxe2 Rb8 12. c3 b5 13. Qd2 Qc7 14. Bh6 d5 15.
Bxg7 Kxg7 16. exd5 exd5 17. d4 c4 18. Re1 a5 19. Ne3 Be6 20. Qe2 Qd7 21. Qf3 b4
22. Re2 a4 23. Rc1 Rb5 24. Qf4 Nc6 25. h4 a3 26. h5 h6 27. bxa3 bxc3 28. Nd1 g5
29. Qe3 c2 30. Rexc2 Bf5 31. Rb2 Rxb2 32. Nxb2 Re8 33. Qd2 Be4 34. f3 Bf5 35.
g4 Bxg4 36. fxg4 Qxg4 37. Re1 Nxd4 38. Kf1 Rxe1+ 39. Qxe1 Qf4+ 40. Kg1 Nf3+ 41.
Bxf3 Qxf3 42. a4 Qg4+ 43. Kf1 Kf6 44. a5 Qh3+ 45. Kg1 c3 46. Nd1 Qg4+ 47. Kf1
Qc4+ 48. Kg1 c2 49. Nc3 Qg4+ 50. Kh1 Qh4+ 51. Qxh4 c1=Q+ 52. Kg2 gxh4 53. Nxd5+
Ke6 54. a6 Kxd5 0-1

[Event "Mistrzostwa Polski Juniorow do lat 18 - Dziewczeta"]
[Site "Szklarska Poreba"]
[Date "1899-12-30"]
[Round "2.12"]
[White "Tarka, Aleksandra"]
[Black "Giefert, Sara"]
[Result "1/2-1/2"]
[WhiteTitle "I++"]
[BlackTitle "I+"]
[WhiteElo "1706"]
[BlackElo "1624"]

1. e4 c5 2. Nf3 d6 3. d4 cxd4 4. Nxd4 Nf6 5. Nc3 a6 6. Be2 e5 7. Nb3 Be6 8. O-O
Be7 9. Be3 b5 10. Nd5 Bxd5 11. exd5 Nbd7 12. a4 b4 13. a5 O-O 14. Qd2 Qc7 15.
Ra4 Rfb8 16. Rd1 Qb7 17. f3 Nh5 18. Qd3 g6 19. g4 Ng7 20. Qd2 f5 21. h3 f4 22.
Bf2 Ne8 23. Be1 Nc5 24. Rxb4 Qxb4 25. Qxb4 Rxb4 26. Bxb4 Nxb3 27. cxb3 Rb8 28.
Bc3 Nc7 29. b4 Kf7 30. Bc4 Kf6 31. Kf1 h5 32. Kg2 Bf8 33. Rd3 Bh6 34. Be1 hxg4
35. hxg4 Nb5 36. Bxb5 Rxb5 37. Bh4+ g5 38. Be1 Bf8 39. Bc3 Be7 40. Kf2 Bd8 41.
Rd1 1/2-1/2

[Event "Mistrzostwa Polski Juniorow do lat 18 - Dziewczeta"]
[Site "Szklarska Poreba"]
[Date "1899-12-30"]
[Round "2.13"]
[White "Orlik, Sandra"]
[Black "Jedras, Adrianna"]
[Result "1-0"]
[WhiteTitle "I++"]
[BlackTitle "I"]
[WhiteElo "1678"]
[BlackElo "1440"]

1. e4 e5 2. Nf3 Nc6 3. Bb5 Bc5 4. c3 d6 5. O-O Bd7 6. d4 exd4 7. cxd4 Bb6 8. Re1
Nge7 9. Nc3 O-O 10. Bg5 f6 11. Be3 Kh8 12. Qd2 a6 13. Bc4 Na5 14. Bf1 Bg4 15.
d5 Bxf3 16. Bxb6 cxb6 17. gxf3 b5 18. Qd4 Rc8 19. b3 Ng6 20. Qd2 Nh4 21. Re3 f5
22. f4 fxe4 23. Nxe4 Rxf4 24. Qd3 Rc7 25. Rg3 h6 26. Bh3 Rcf7 27. Be6 Rc7 28.
Kh1 b6 29. Rag1 Qf8 30. Qe3 Nf3 31. Rd1 Rb7 32. Rc1 Rb8 33. Rc7 g5 34. Qc3+ Ne5
35. Qc2 Ng6 36. Nxg5 hxg5 37. Qxg6 Rh4 38. Qxg5 Qh6 39. Qg8+ Rxg8 40. Rxg8# 1-0

[Event "Mistrzostwa Polski Juniorow do lat 18 - Dziewczeta"]
[Site "Szklarska Poreba"]
[Date "1899-12-30"]
[Round "2.14"]
[White "Zalucka, Emilia"]
[Black "Choinska, Debora"]
[Result "1-0"]
[WhiteTitle "I"]
[BlackTitle "I++"]
[WhiteElo "1512"]
[BlackElo "1668"]

1. e4 e5 2. Nf3 Nf6 3. Nc3 Bb4 4. d3 d5 5. exd5 Nxd5 6. Bd2 Nc6 7. Nxd5 Qxd5 8.
Bxb4 Nxb4 9. c3 Nc6 10. Be2 O-O 11. O-O Ne7 12. d4 e4 13. Nd2 Kh8 14. Bc4 Qc6
15. Qe2 f5 16. f3 e3 17. Qxe3 Ng6 18. d5 Qd6 19. f4 Bd7 20. Rad1 Rfe8 21. Qf2
b5 22. Bb3 a5 23. c4 Qf6 24. Rb1 Re7 25. g3 Rae8 26. Bd1 bxc4 27. Nxc4 Bb5 28.
Qc5 Bxc4 29. Qxc4 Qb6+ 30. Kg2 Re4 31. Qc6 Qd4 32. Bf3 R4e7 33. Qc3 Qb6 34. Rbd1
Re3 35. Qd4 Qd6 36. Rc1 Qd7 37. Qc5 R3e7 38. Qxa5 Rb8 39. Rc2 Rc8 40. Rfc1 Rb8
41. Qxc7 Qxc7 42. Rxc7 Rxb2+ 43. Kh3 Rxc7 44. Rxc7 Kg8 45. d6 Kf8 46. Rc8+ Kf7
47. d7 1-0

[Event "Mistrzostwa Polski Juniorow do lat 18 - Dziewczeta"]
[Site "Szklarska Poreba"]
[Date "1899-12-30"]
[Round "2.15"]
[White "Wolagiewicz, Kinga"]
[Black "Repec, Julia"]
[Result "1-0"]
[WhiteTitle "I"]
[BlackTitle "I"]
[WhiteElo "1633"]
[BlackElo "1405"]

1. e4 e6 2. d4 d5 3. Nd2 dxe4 4. Nxe4 Nd7 5. Nf3 Ngf6 6. Bd3 Nxe4 7. Bxe4 Nf6 8.
Bd3 c5 9. dxc5 Bxc5 10. O-O O-O 11. Bg5 h6 12. Bh4 Qc7 13. Bg3 Qe7 14. Re1 Rd8
15. Qe2 b6 16. c3 a5 17. Bh4 Bb7 18. Ne5 Bd6 19. Ng4 Bf4 20. Nxf6+ gxf6 21. Rad1
Kg7 22. Qg4+ Bg5 23. f4 Rg8 24. fxg5 Kf8 25. g6 Qc5+ 26. Bf2 Qc7 27. Qh4 f5 28.
Qxh6+ Ke7 29. Bh4+ Ke8 30. gxf7+ Kxf7 31. Qf6+ Ke8 32. Rxe6+ Qe7 33. Qxe7# 1-0

[Event "Mistrzostwa Polski Juniorow do lat 18 - Dziewczeta"]
[Site "Szklarska Poreba"]
[Date "1899-12-30"]
[Round "2.16"]
[White "Drob, Julia"]
[Black "Polak, Sylwia"]
[Result "1-0"]
[WhiteTitle "I"]
[BlackTitle "I++"]
[WhiteElo "1387"]
[BlackElo "1629"]

1. d4 d5 2. Bf4 Nf6 3. Nf3 e6 4. Nbd2 c5 5. e3 Nc6 6. c3 Bd6 7. Ne5 O-O 8. Bd3
a6 9. Ndf3 Ne7 10. Ng5 b5 11. Qb1 g6 12. h4 Bxe5 13. dxe5 Nh5 14. Bh2 d4 15. Be4
dxe3 16. fxe3 Rb8 17. g4 Ng7 18. O-O Bb7 19. h5 Nd5 20. Bf4 Nxf4 21. exf4 Bxe4
22. Nxe4 Qh4 23. Nf6+ Kh8 24. Kg2 Rbd8 25. Qc2 Nxh5 26. gxh5 c4 27. Rad1 1-0

[Event "Mistrzostwa Polski Juniorow do lat 18 - Dziewczeta"]
[Site "Szklarska Poreba"]
[Date "1899-12-30"]
[Round "2.17"]
[White "Roszkiewicz, Anna"]
[Black "Zygmunt, Magdalena"]
[Result "1-0"]
[WhiteTitle "I++"]
[BlackTitle "I"]
[WhiteElo "1624"]
[BlackElo "1256"]

1. e4 e5 2. Nf3 Nc6 3. Bb5 Bc5 4. O-O Nge7 5. c3 a6 6. Ba4 b5 7. Bc2 d5 8. exd5
Qxd5 9. d3 Bg4 10. Nbd2 O-O 11. Qe2 Ng6 12. Qe4 Qd7 13. Nb3 Bb6 14. h3 f5 15.
Qe2 Bh5 16. Be3 Nh4 17. Nbd2 Rae8 18. Bxb6 cxb6 19. Qe3 Nxf3+ 20. Nxf3 Bxf3 21.
Qxf3 Rf6 22. Rad1 Ne7 23. Rfe1 Ng6 24. Bb3+ Kh8 25. Qd5 Qe7 26. g3 h5 27. Qf3
Nf8 28. Qxh5+ Nh7 29. Re2 f4 30. Rde1 fxg3 31. fxg3 Ref8 32. Rxe5 Qd6 33. Qe2
Rf2 34. Qxf2 Rxf2 35. Kxf2 Nf6 36. d4 Qf8 37. Kg2 Qd6 38. Bc2 Qc6+ 39. d5 Qd7
40. Bg6 1-0

[Event "Mistrzostwa Polski Juniorow do lat 18 - Dziewczeta"]
[Site "Szklarska Poreba"]
[Date "1899-12-30"]
[Round "2.18"]
[White "Karlyk, Maria"]
[Black "Taranowicz, Zofia"]
[Result "1-0"]
[WhiteTitle "I"]
[BlackTitle "I"]
[WhiteElo "1603"]
[BlackElo "1185"]

1. e4 d5 2. exd5 Qxd5 3. d4 Nf6 4. c4 Qd8 5. Nc3 e6 6. Be3 g6 7. g3 Bg7 8. Bg2
O-O 9. h3 Nbd7 10. Nge2 Nb6 11. b3 c6 12. Qd2 Qe7 13. O-O Rd8 14. Qc2 Ne8 15.
Rad1 Nc7 16. Ne4 Bd7 17. Nf4 Be8 18. Rfe1 Qf8 19. d5 f5 20. Bc5 Qf7 21. Ng5 Qf6
22. Ngxe6 Nxe6 23. Nxe6 Rd7 24. Bd4 Qf7 25. Bxg7 cxd5 26. cxd5 Rc8 27. Qb2 Re7
28. Bh6 Bd7 29. Ng5 Qe8 30. Rxe7 Qxe7 31. d6 1-0

[Event "Mistrzostwa Polski Juniorow do lat 18 - Dziewczeta"]
[Site "Szklarska Poreba"]
[Date "1899-12-30"]
[Round "2.19"]
[White "Zygmunt, Patrycja"]
[Black "Sawa, Daria"]
[Result "1-0"]
[WhiteTitle "I"]
[BlackTitle "I"]
[WhiteElo "1230"]
[BlackElo "1558"]

1. e4 e5 2. Nf3 Nc6 3. Bc4 Nf6 4. O-O Be7 5. d3 O-O 6. Be3 d5 7. exd5 Nxd5 8. d4
e4 9. Ne5 Be6 10. Nd2 f5 11. Bxd5 Bxd5 12. Nxc6 Bxc6 13. f4 exf3 14. Nxf3 f4 15.
Bc1 Bb5 16. Re1 Bh4 17. Re4 Bg5 18. Re5 Bc6 19. Nxg5 f3 20. Nxf3 Bxf3 21. gxf3
Qh4 22. Bg5 Qh3 23. Qf1 Qd7 24. Qc4+ Kh8 25. Qd5 Qa4 26. Re7 Rad8 27. Qe5 Rg8
28. Kh1 Rxd4 29. Bh6 1-0

[Event "Mistrzostwa Polski Juniorow do lat 18 - Dziewczeta"]
[Site "Szklarska Poreba"]
[Date "1899-12-30"]
[Round "3.1"]
[White "Waszczuk, Patrycja"]
[Black "Rudzinska, Michalina"]
[Result "1/2-1/2"]
[WhiteTitle "WFM"]
[BlackTitle "WFM"]
[WhiteElo "2271"]
[BlackElo "2083"]

1. e4 c5 2. Nc3 a6 3. d4 cxd4 4. Qxd4 Nc6 5. Qe3 Nf6 6. b3 d5 7. Nxd5 Nxd5 8. exd5
Qxd5 9. Nf3 Nb4 10. Bd3 Nxd3+ 11. Qxd3 Qxd3 12. cxd3 Bf5 13. Ke2 e6 14. Bb2 f6
15. Nd4 Bd6 16. Nxf5 exf5 17. d4 Kd7 18. Kd3 Kc6 19. h3 Kd5 20. Bc3 Rac8 21. Rhe1
Rc6 22. Bd2 Ba3 23. Re2 Rhc8 24. Rae1 Rd8 25. Re8 Rd7 26. R1e2 Bb2 27. R2e7 Rcc7
28. Rd8 Rxd8 29. Rxc7 Bxd4 30. Rxg7 Bxf2 31. Ke2 Bd4 32. Rxb7 Ke4 33. Rxh7 f4
34. Rh4 Be5 35. g3 Rc8 36. Bxf4 Rc2+ 37. Bd2+ Kd5 38. Ra4 Bxg3 39. Kd3 Rc6 40.
h4 f5 41. h5 Ke6 42. Bg5 Be5 43. Rc4 Rd6+ 44. Ke2 Kd5 45. Kf3 Rd7 46. Ra4 Ra7
47. Ra5+ Ke6 48. h6 Bc3 49. Rc5 Bd4 50. Rc6+ Kd5 51. Rc8 Be5 52. Rf8 Ke6 53. Re8+
Kd5 54. Bf4 Bb2 55. Be3 Rc7 56. Rf8 Ke6 57. Ra8 Rc3 58. h7 Rc2 59. a4 Rh2 60.
Rxa6+ Kf7 61. Ra7+ Kg6 62. a5 Rh3+ 63. Ke2 Rh2+ 64. Kd1 Rh3 65. Kd2 Rh2+ 66. Kd3
Rh3 67. Kc2 Be5 68. Bd2 f4 69. Re7 f3 70. Be3 Bf6 71. Re6 Kf5 72. Re8 Rxh7 73.
Rf8 f2 74. Bxf2 Rh2 75. b4 Rxf2+ 76. Kb3 Ke6 77. Kc4 Rb2 78. a6 Ra2 79. b5 Be7
80. Rb8 Ra4+ 81. Kb3 Ra3+ 82. Kb2 Ra5 83. Rb7 Bc5 84. Kb3 Kd6 85. Rb8 Kc7 86.
Rb7+ Kd6 87. Rb8 Ke5 1/2-1/2

[Event "Mistrzostwa Polski Juniorow do lat 18 - Dziewczeta"]
[Site "Szklarska Poreba"]
[Date "1899-12-30"]
[Round "3.2"]
[White "Kucharska, Honorata"]
[Black "Sowa, Wiktoria"]
[Result "0-1"]
[WhiteTitle "WFM"]
[BlackTitle "WFM"]
[WhiteElo "2143"]
[BlackElo "2053"]

1. e4 e5 2. Nf3 Nc6 3. Bb5 a6 4. Ba4 Nf6 5. Bxc6 dxc6 6. d3 Bc5 7. h3 h6 8. Nbd2
Be6 9. Qe2 Qd6 10. Nb3 Nd7 11. Bd2 Bb6 12. Bc3 a5 13. d4 exd4 14. Nbxd4 O-O 15.
Rd1 Qe7 16. O-O Rfe8 17. Rfe1 Nf6 18. a3 Rad8 19. e5 Nd7 20. Qe4 Nf8 21. Rd3 Ng6
22. Nxe6 Qxe6 23. Red1 Rxd3 24. Qxd3 Nf4 25. Qe4 Ng6 26. Qg4 Qxg4 27. hxg4 Kf8
28. g3 Ke7 29. g5 h5 30. Kg2 Ke6 31. Rh1 Rh8 32. Nh4 Rd8 33. Nf3 Rh8 34. Kf1 Rh7
35. Ke2 Rh8 36. Rh2 Ne7 37. g4 g6 38. Bd2 c5 39. c4 Nc6 40. Bc3 a4 41. Ke3 Ba5
42. Ke4 Bxc3 43. bxc3 b6 44. Rh4 Na5 45. gxh5 Rxh5 46. Rf4 Nxc4 47. Rf6+ Ke7 48.
Kd5 Nxa3 49. Kc6 Nc2 50. Rf4 a3 51. Ra4 Rh3 52. Nd2 Rxc3 53. Kxc7 b5 54. Ra8 Ke6
55. Ne4 Rc4 56. Nd6 Ra4 57. Re8+ Kd5 58. Nxb5 a2 59. Nc3+ Kd4 60. Nxa2 Rxa2 61.
e6 fxe6 62. Rxe6 Nb4 63. Rxg6 Rxf2 64. Rg8 c4 65. g6 c3 66. g7 Nd5+ 67. Kb8 Rg2
0-1

[Event "Mistrzostwa Polski Juniorow do lat 18 - Dziewczeta"]
[Site "Szklarska Poreba"]
[Date "1899-12-30"]
[Round "3.3"]
[White "Czarniecka, Aleksandra"]
[Black "Harazinska, Magdalena"]
[Result "1-0"]
[WhiteTitle "k"]
[BlackTitle "WFM"]
[WhiteElo "2040"]
[BlackElo "2099"]

1. e4 e6 2. d4 d5 3. Nd2 c5 4. exd5 Qxd5 5. Ngf3 cxd4 6. Bc4 Qd7 7. O-O Nf6 8.
Nb3 Nc6 9. Nbxd4 Nxd4 10. Nxd4 a6 11. Re1 Be7 12. c3 b5 13. Bb3 Bb7 14. Bg5 Bd5
15. Nf5 Bxb3 16. Nxg7+ Kf8 17. Qxd7 Nxd7 18. Bxe7+ Kxe7 19. axb3 Nc5 20. Nf5+
Kf6 21. Nd4 e5 22. Nf3 Rhe8 23. Rad1 Nxb3 24. Rd6+ Ke7 25. Rh6 f6 26. Rxh7+ Ke6
27. g3 Rad8 28. Ra7 Rd6 29. h4 Kf5 30. Re2 Red8 31. Kg2 Nc1 32. Rc2 Nb3 33. Re2
Nc1 34. Re1 Nd3 35. Rb1 Nc5 36. Ra1 Na4 37. Ra2 Rc8 38. b3 Nc5 39. Ra3 Rcc6 40.
h5 Rc8 41. h6 Rh8 42. Nh4+ Ke6 43. g4 Rd7 44. Rxd7 Kxd7 45. Nf5 Ra8 46. b4 Ne6
47. Ra1 Nf4+ 48. Kf3 Ke6 49. Rd1 Rc8 50. Rd6+ Kf7 51. Rd7+ Ke8 52. Re7+ Kf8 53.
h7 Rxc3+ 54. Ke4 Rh3 55. Rg7 Ne2 56. Rg8+ Kf7 57. Nd6+ Ke6 58. Re8+ Kxd6 59. h8=Q
Rxh8 60. Rxh8 Nc3+ 61. Kf5 Nd5 62. Rd8+ Kc6 63. Rxd5 Kxd5 64. Kxf6 a5 65. g5 a4
66. g6 Kc4 67. g7 Kxb4 68. g8=Q Ka3 69. Kxe5 b4 70. Qf8 Kb3 71. Qf3+ Kb2 72. Qe2+
Ka3 73. Kd4 Kb3 74. Qc4+ Ka3 75. Qc1+ Kb3 76. Qb1+ Ka3 1-0

[Event "Mistrzostwa Polski Juniorow do lat 18 - Dziewczeta"]
[Site "Szklarska Poreba"]
[Date "1899-12-30"]
[Round "3.4"]
[White "Michalska, Aleksandra"]
[Black "Kalinowska, Zuzanna"]
[Result "0-1"]
[WhiteTitle "I++"]
[BlackTitle "WFM"]
[WhiteElo "1825"]
[BlackElo "2089"]

1. e4 e6 2. d4 d5 3. exd5 exd5 4. Bd3 c5 5. dxc5 Bxc5 6. Nf3 Nf6 7. O-O O-O 8.
h3 Nc6 9. a3 a6 10. Nc3 Qd6 11. Bg5 Ne7 12. Qd2 Rd8 13. Rfe1 b5 14. b4 Bb6 15.
Bf4 Qd7 16. Ne5 Qb7 17. Bg5 Ng6 18. Nf3 Be6 19. Bxf6 gxf6 20. Ne2 Qc7 21. Qh6
Qa7 22. Rf1 Qe7 23. Nf4 Qf8 24. Qxf8+ Kxf8 25. Nh5 Ke7 26. Rfe1 Rg8 27. Kf1 Ne5
28. Nh4 Rac8 29. Re2 Nxd3 30. cxd3 Kd6 31. Rd1 Rc3 32. Nxf6 Rgc8 33. Ra2 Bd8 34.
Nf5+ Bxf5 35. Ne4+ dxe4 36. dxe4+ Ke5 37. exf5 Rc1 38. Rad2 Rxd1+ 39. Rxd1 Bb6
40. g3 Rc2 41. f4+ Ke4 42. Rd6 Kf3 43. Ke1 Be3 44. g4 Bxf4 45. Rd3+ Be3 46. h4
Rc1+ 0-1

[Event "Mistrzostwa Polski Juniorow do lat 18 - Dziewczeta"]
[Site "Szklarska Poreba"]
[Date "1899-12-30"]
[Round "3.5"]
[White "Furtak, Joanna"]
[Black "Malicka, Maria"]
[Result "1/2-1/2"]
[WhiteTitle "k"]
[BlackTitle "WCM"]
[WhiteElo "1922"]
[BlackElo "2237"]

1. e4 c5 2. Nf3 d6 3. d4 cxd4 4. Nxd4 Nf6 5. Nc3 a6 6. Nb3 e6 7. g4 h6 8. Bg2 Nc6
9. Qe2 Qc7 10. f4 Be7 11. Bd2 b5 12. a3 Bb7 13. h4 Nd7 14. O-O-O Nc5 15. Nxc5
dxc5 16. Be3 Nd4 17. Qf2 O-O-O 18. e5 h5 19. g5 Nf5 20. Bxb7+ Kxb7 21. Ne4 Nxe3
22. Qxe3 Rd5 23. Nc3 Rxd1+ 24. Rxd1 g6 25. Ne4 c4 26. Qf3 Kb8 27. Rd4 Rd8 28.
Qd1 Rxd4 29. Qxd4 Kb7 30. Kd2 Qc6 31. c3 Kc8 1/2-1/2

[Event "Mistrzostwa Polski Juniorow do lat 18 - Dziewczeta"]
[Site "Szklarska Poreba"]
[Date "1899-12-30"]
[Round "3.6"]
[White "Budkiewicz, Magdalena"]
[Black "Swiech, Joanna"]
[Result "1/2-1/2"]
[WhiteTitle "I++"]
[BlackTitle "k+"]
[WhiteElo "1702"]
[BlackElo "1838"]

1. e4 e5 2. Nf3 Nc6 3. Bb5 a6 4. Ba4 Nge7 5. d3 g6 6. O-O Bg7 7. Nc3 O-O 8. Be3
d6 9. h3 b5 10. Bb3 Na5 11. Nd2 Nxb3 12. axb3 Bb7 13. Rb1 d5 14. Nxd5 Nxd5 15.
exd5 Qxd5 16. Qf3 Qxf3 17. Nxf3 e4 18. dxe4 Bxe4 19. Rfc1 Bxf3 20. gxf3 Rfd8 21.
Kf1 f5 22. Ke2 Re8 23. f4 Rad8 24. c3 Rd6 25. Rd1 Red8 26. Rxd6 Rxd6 27. Ra1 Kf7
28. Bd2 Ke6 29. Be3 Kf7 30. Bd2 Ke6 31. Be3 1/2-1/2

[Event "Mistrzostwa Polski Juniorow do lat 18 - Dziewczeta"]
[Site "Szklarska Poreba"]
[Date "1899-12-30"]
[Round "3.7"]
[White "Wolagiewicz, Kinga"]
[Black "Vanduyfhuys, Daria"]
[Result "1/2-1/2"]
[WhiteTitle "I"]
[BlackTitle "WCM"]
[WhiteElo "1633"]
[BlackElo "2023"]

1. e4 c5 2. Nf3 Nc6 3. d4 cxd4 4. Nxd4 e5 5. Nb5 d6 6. a4 Be7 7. N1c3 a6 8. Na3
Nf6 9. Bg5 O-O 10. Bxf6 Bxf6 11. Bc4 Be6 12. O-O Rc8 13. Nd5 Bg5 14. c3 Ne7 15.
Qe2 Nxd5 16. Bxd5 Bxd5 17. exd5 Qa5 18. Nc4 Qc5 19. b3 b5 20. axb5 axb5 21. Na3
Qxc3 22. Nxb5 Qc5 23. Ra6 Rb8 24. Nxd6 Qxd5 25. Nc4 Bf6 26. Rd1 Qb5 27. Ra5 Qxb3
28. Nxe5 Rfe8 29. Qd3 Qe6 30. Nf3 Rb2 31. Rb5 Re2 32. Rbb1 g6 33. h3 Qa2 34. Re1
Kg7 35. Rxe2 Rxe2 36. Rf1 Qb2 37. Rb1 Qa2 38. Rf1 Rc2 39. Qe4 Re2 40. Qd3 Qb2
41. Rb1 Qa2 42. Rf1 h5 43. Qb5 Be7 44. Nd4 Rb2 45. Qe5+ Bf6 46. Qe3 Rd2 1/2-1/2

[Event "Mistrzostwa Polski Juniorow do lat 18 - Dziewczeta"]
[Site "Szklarska Poreba"]
[Date "1899-12-30"]
[Round "3.8"]
[White "Kulpa, Zuzanna"]
[Black "Roszkiewicz, Anna"]
[Result "1-0"]
[WhiteTitle "k"]
[BlackTitle "I++"]
[WhiteElo "1955"]
[BlackElo "1624"]

1. d4 d5 2. c4 e6 3. Nf3 c6 4. Qc2 dxc4 5. Qxc4 Nf6 6. Nc3 b5 7. Qb3 Bb7 8. Bg5
Be7 9. e3 a6 10. Be2 Nbd7 11. O-O O-O 12. Rfd1 Qc7 13. e4 Nb6 14. Rac1 Ng4 15.
e5 c5 16. Bxe7 Qxe7 17. dxc5 Qxc5 18. Ne4 Qe7 19. Nd6 Bd5 20. Qc3 Nd7 21. Nf5
Qd8 22. h3 Nh6 23. Nxh6+ gxh6 24. Qe3 Kg7 25. Rd4 f5 26. Rh4 f4 27. Rxf4 Rxf4
28. Qxf4 Bxa2 29. Nd4 Bd5 30. Bf3 Qe8 31. Bxd5 exd5 32. Rc7 Kh8 33. e6 Qf8 34.
Qe3 Nf6 1-0

[Event "Mistrzostwa Polski Juniorow do lat 18 - Dziewczeta"]
[Site "Szklarska Poreba"]
[Date "1899-12-30"]
[Round "3.9"]
[White "Giefert, Sara"]
[Black "Skiba, Aleksandra"]
[Result "0-1"]
[WhiteTitle "I+"]
[BlackTitle "k"]
[WhiteElo "1624"]
[BlackElo "1923"]

1. d4 Nf6 2. Bg5 Ne4 3. Bf4 c5 4. Nf3 cxd4 5. Qxd4 d5 6. Bxb8 Rxb8 7. e3 e6 8.
Nbd2 Nxd2 9. Nxd2 Bd7 10. Be2 Be7 11. O-O O-O 12. e4 dxe4 13. Nxe4 Bc6 14. Qe3
Qd5 15. Bf3 Qe5 16. c3 f5 17. Nd2 Qxe3 18. fxe3 Bc5 19. Rfe1 f4 20. Nc4 Bxf3 21.
gxf3 a6 22. Kg2 fxe3 23. Nxe3 Rbd8 24. Nf1 Rd3 25. Ng3 Rdxf3 26. Ne4 Ba7 27. Re2
R3f4 28. Rae1 Rg4+ 29. Ng3 h5 30. Kh1 Bf2 31. Rf1 Bxg3 32. Rxf8+ Kxf8 33. hxg3
Rxg3 34. Rxe6 Rd3 35. Rb6 Rd7 36. Kg2 Kf7 37. Kg3 g6 38. Kf4 Kg7 39. Kg5 Rd5+
40. Kh4 Rb5 41. Rxb5 axb5 42. Kg5 Kf7 43. b3 Ke6 44. c4 bxc4 45. bxc4 Ke5 0-1

[Event "Mistrzostwa Polski Juniorow do lat 18 - Dziewczeta"]
[Site "Szklarska Poreba"]
[Date "1899-12-30"]
[Round "3.10"]
[White "Karlyk, Maria"]
[Black "Jarocka, Liwia"]
[Result "1-0"]
[WhiteTitle "I"]
[BlackTitle "FM"]
[WhiteElo "1603"]
[BlackElo "1919"]

1. e4 c5 2. Nc3 d6 3. d3 Nc6 4. g3 g6 5. Bg2 Bg7 6. Be3 Rb8 7. Qd2 b5 8. f4 b4
9. Nd1 Qb6 10. Ne2 Nf6 11. h3 O-O 12. O-O Nd7 13. g4 Nd4 14. f5 Ba6 15. Nf4 Bb7
16. c3 bxc3 17. bxc3 Nb5 18. a4 Nc7 19. d4 Qa5 20. Qa2 Kh8 21. Qf2 Ba6 22. Re1
e5 23. fxe6 fxe6 24. Qh4 Kg8 25. Ne2 Rf7 26. Qg3 cxd4 27. Nxd4 Ne5 28. h4 Re8
29. Nb3 Nf3+ 30. Bxf3 Qe5 31. Qxe5 Bxe5 32. Kg2 Ref8 33. Nd2 Bd3 34. Bxa7 1-0

[Event "Mistrzostwa Polski Juniorow do lat 18 - Dziewczeta"]
[Site "Szklarska Poreba"]
[Date "1899-12-30"]
[Round "3.11"]
[White "Raczykowska, Paulina"]
[Black "Zalucka, Emilia"]
[Result "1-0"]
[WhiteTitle "k"]
[BlackTitle "I"]
[WhiteElo "1899"]
[BlackElo "1512"]

1. e4 e5 2. Nf3 Nc6 3. Nc3 Nf6 4. a3 h6 5. d4 exd4 6. Nxd4 d5 7. Bb5 Bd7 8. exd5
Nxd4 9. Bxd7+ Qxd7 10. Qxd4 Bd6 11. O-O Be7 12. Bf4 O-O 13. Rad1 c5 14. Qe5 Ne8
15. Ne4 Bf6 16. Nxf6+ gxf6 17. Qh5 Ng7 18. Qxh6 Qf5 19. Rd3 Nh5 20. Rh3 Qxf4 21.
Qxh5 Kg7 22. Qh7# 1-0